Consultation on the Future of the Agricultural Wages Board of England and Wales, and Agricultural Wages Committees and Agricultural Dwelling House Advisory Committees in England (Record no. 114810)

MARC details
000 -LEADER
fixed length control field 01394cad a22001935a 4500
001 - CONTROL NUMBER
control field L157509
008 - FIXED-LENGTH DATA ELEMENTS--GENERAL INFORMATION
fixed length control field 130107s2012 xxk f 000 0 eng d
035 ## - SYSTEM CONTROL NUMBER
System control number (Sirsi) u157509
041 0# - LANGUAGE CODE
Language code of text/sound track or separate title eng
110 2# - MAIN ENTRY--CORPORATE NAME
Corporate name or jurisdiction name as entry element United Kingdom
Subordinate unit Department for Environment Food and Rural Affairs
245 00 - TITLE STATEMENT
Title Consultation on the Future of the Agricultural Wages Board of England and Wales, and Agricultural Wages Committees and Agricultural Dwelling House Advisory Committees in England
Remainder of title Summary of responses, December 2012
Medium [electronic resource]
260 ## - PUBLICATION, DISTRIBUTION, ETC.
Place of publication, distribution, etc. London
Name of publisher, distributor, etc. DEFRA
Date of publication, distribution, etc. 2012
520 ## - SUMMARY, ETC.
Summary, etc. Gives a summary of the recent consultation on the future of the Agricultural Wages Board (AWB) of England and Wales. Includes an outline of the responses and the reasons for the decision to abolish the AWB along with the 15 agricultural wages committees and 16 Agricultural Dwelling House Advisory Committees in England through an amendment to the Enterprise and Regulatory Reform Bill. The amendment will also make changes to the National Minimum Wage Act 1998 to ensure that agricultural workers in England and Wales are protected by the National Minimum Wage.
590 ## - LOCAL NOTE (RLIN)
Local note KA
651 #4 - SUBJECT ADDED ENTRY--GEOGRAPHIC NAME
Geographic name ENGLAND AND WALES
690 ## - LOCAL SUBJECT ADDED ENTRY--TOPICAL TERM (OCLC, RLIN)
Topical term or geographic name as entry element Rural
9 (RLIN) 6268
856 40 - ELECTRONIC LOCATION AND ACCESS
Uniform Resource Identifier <a href="https://www.defra.gov.uk/consult/files/awb-consult-summary-responses-121219.pdf">https://www.defra.gov.uk/consult/files/awb-consult-summary-responses-121219.pdf</a>
Public note View the consultation summary free of charge at www.defra.gov.uk
942 ## - ADDED ENTRY ELEMENTS (KOHA)
Suppress in OPAC 0
Holdings
Withdrawn status Lost status Source of classification or shelving scheme Damaged status Not for loan Home library Current library Shelving location Date acquired Total Checkouts Full call number Barcode Date last seen Copy number Price effective from Koha item type
    Dewey Decimal Classification     Virtual Virtual Online 07/01/2013   ONLINE PUBLICATION 157509-2001 06/08/2019 1 06/08/2019 Book